Normal view
MARC view
- DNA fingerprinting
Entry Topical Term
001 - CONTROL NUMBER
- control field: 103206
003 - CONTROL NUMBER IDENTIFIER
- control field: NUST
005 - DATE AND TIME OF LATEST TRANSACTION
- control field: 20221120131121.0
008 - FIXED-LENGTH DATA ELEMENTS
- fixed length control field: 221120|| aca||aabn | a|a d
040 ## - CATALOGING SOURCE
- Original cataloging agency: NUST
- Transcribing agency: NUST
150 ## - HEADING--TOPICAL TERM
- Topical term or geographic name entry element: DNA fingerprinting
- General subdivision: Law and legislation
- Geographic subdivision: United States
670 ## - SOURCE DATA FOUND
- Source citation: Work cat.: (NUST)0: Kaye, D. H. (David H.), 1947- 103205, The double helix and the law of evidence /, 2010.
